00270pam a2200109 a 4500020000500000041000500005082001300010100001600023245005700039260004800096300001600144 c h a708bVAD aRam kumar . aPen and Ink Drawing of Ramkumar hTextual Documents a[s.l]:bVadhera Art Gallery , Delhi,c2012. a100:bHard.